تحميل...

ഐതിഹ്യമാല: പറയിപെറ്റ പന്തിരുകുലവും കഥകളും

ഇന്നലെയുടെ അറിവുകള്‍, ഓര്‍മ്മയിലെ വെളിച്ചങ്ങള്‍, ഭൂതകാലത്തിന്റെ സത്യങ്ങള്‍, ഇതാണ് ഐതിഹ്യമാലയുടെ എന്നത്തേയും പ്രസക്തി - അക്കിത്തം ചെമ്പകശ്ശേരി രാജാവ്. കോട്ടയത്തു രാജാവ്. മഹാഭാഷ്യം ഭര്‍ത്തൃഹരി. അധ്യാത്മരാമായണം. പറയിപെറ്റു പന്തിരുകുലം തലക്കുളത്തൂര്‍ ഭട്ടതിരിയും പാഴൂര്‍ പടിപ്പുരയും വില്വമംഗലത്തു സ്വാമിയ...

وصف كامل

التفاصيل البيبلوغرافية
المؤلف الرئيسي: Kottarathil Sankunni
التنسيق: Printed Book
منشور في: Thrissur Green Books 2014
الموضوعات:
LEADER 02279nam a22002057a 4500
020 |a 9788184233278 
082 |a 398.20494812  |b KOT-A 
100 |a Kottarathil Sankunni 
245 |a ഐതിഹ്യമാല: പറയിപെറ്റ പന്തിരുകുലവും കഥകളും 
260 |a Thrissur  |b Green Books  |c 2014 
300 |a 144p. 
500 |a "Aithihyamala" in10 volumes(CL02352-CL02361) 
520 |a ഇന്നലെയുടെ അറിവുകള്‍, ഓര്‍മ്മയിലെ വെളിച്ചങ്ങള്‍, ഭൂതകാലത്തിന്റെ സത്യങ്ങള്‍, ഇതാണ് ഐതിഹ്യമാലയുടെ എന്നത്തേയും പ്രസക്തി - അക്കിത്തം ചെമ്പകശ്ശേരി രാജാവ്. കോട്ടയത്തു രാജാവ്. മഹാഭാഷ്യം ഭര്‍ത്തൃഹരി. അധ്യാത്മരാമായണം. പറയിപെറ്റു പന്തിരുകുലം തലക്കുളത്തൂര്‍ ഭട്ടതിരിയും പാഴൂര്‍ പടിപ്പുരയും വില്വമംഗലത്തു സ്വാമിയാര്‍ കാക്കശ്ശേരി ഭട്ടതിരി. മുട്ടസ്സുനമ്പൂരി. പുളിയാമ്പിള്ളി നമ്പൂരി കല്ലന്താറ്റല്‍ ഗുരുക്കള്‍. കോലത്തിരിയും സാമൂതിരിയും പാണ്ടമ്പറമ്പത്തു കോടന്‍ഭരണിയിലെ ഉപ്പുമാങ്ങ മംഗലപ്പിള്ളി മൂത്തതും പിന്നയില്‍ പണിക്കരും. കാലടിയില്‍ ഭട്ടതിരി 
650 |a Folklore-Malayalam 
650 |a Myth-Kerala 
650 |a Epic-Kerala 
650 |a Aiytheehyamala: Parayi petta panthirukulavum kathakalum 
942 |c BK 
999 |c 51171  |d 51171 
952 |0 0  |1 0  |4 0  |6 398_204948120000000_KOTA  |7 0  |9 64592  |a KU  |b KU  |c GEN  |d 2018-05-10  |e Ad.D2/5736/2013 dtd.24/11/2017  |g 110.00  |l 3  |o 398.20494812 KOT-A  |p CL02355  |r 2019-05-02  |s 2019-04-05  |w 2018-05-10  |y BK